000
00335nam a22001457a 4500
008
230707b ||||| |||| 00| 0 eng d
020
_a
9780321006004
041
_a
eng
080
_2
SECOND EDITION
_a
34
082
_a
34HOR
100
_a
32
101
_a
JURE PSI
245
_a
THE PSYCHOLOGY OF LAW
_c
HOROWITZ.A.I
942
_2
udc
_c
BK
999
_c
60125
_d
60125